| 000 | 00966nam a2200265 i 4500 | ||
|---|---|---|---|
| 001 | 8176 | ||
| 003 | KOSZ 005 | ||
| 005 | 20200630132817.0 | ||
| 008 | 080516s1962 pl a f f 001 0 pol | ||
| 015 | _aPB 1963/7464 | ||
| 040 |
_aWA N _cKOSZ 005/RW _dKOSZ 005/RW |
||
| 080 | _a515 | ||
| 100 | 1 |
_aOtto, Franciszek _d(1904-2000). _eAutor |
|
| 245 | 1 | 0 |
_aZbiór zadań z geometrii wykreślnej. _nCz. 2 / _cFranciszek Otto, Edward Otto. |
| 260 |
_aWarszawa : _bPaństwowe Wydawnictwo Naukowe, _c1962. |
||
| 300 |
_a243, [1] s. : _bil. ; _c24 cm + _eZeszyt z anaglifami : [3] s., [24] k. tabl. |
||
| 380 | _aKsiążki. | ||
| 504 | _aIndeks. | ||
| 655 | 4 | _aĆwiczenia i zadania | |
| 650 | 4 | _aGeometria wykreślna | |
| 700 | 1 |
_aOtto, Edward _d(1908-1986) _eAutor |
|
| 710 | 2 |
_aPaństwowe Wydawnictwo Naukowe _4pbl. |
|
| 856 |
_uhttp://koha.tu.koszalin.pl/cgi-bin/koha/opac-detail.pl?biblionumber=8176 _yKatalog online BPK |
||
| 942 |
_2UKD _cKS |
||
| 999 |
_c8176 _d8176 |
||